Geometry Dash Demonlist Main & Extended - Statistics

General Stats
  • This quiz has been taken 7 times
  • The average score is 35 of 150
Answer Stats
Answer % Correct
Avernus
100%
Silent Club
100%
Silent Clubstep
100%
Acheron
80%
KOCMOC
80%
Kyouki
80%
Abyss of Darkness
60%
arcturus
60%
Bloodlust
60%
Deimos
60%
Edge of Destiny
60%
Firework
60%
Kenos
60%
LIMBO
60%
poocubed
60%
Sakupen Circles
60%
Saul Goodman
60%
Slaughterhouse
60%
Sonic Wave Infinity
60%
Tartarus
60%
The Golden
60%
walter white
60%
Zodiac
60%
Akashic Records
40%
Codependence
40%
COMBUSTION
40%
Congregation
40%
Delta
40%
Eyes in the Water
40%
Gustavo Fring
40%
Hard Machine
40%
Jesse Pinkman
40%
Keres
40%
Lotus Flower
40%
Mayhem
40%
MINUSdry
40%
Nhelv
40%
Oblivion
40%
Plasma Pulse Finale
40%
Renevant
40%
SARY NEVER CLEAR
40%
SARYYX NEVER CLEAR
40%
Shukketsu
40%
Sinister Silence
40%
Solar Flare
40%
The Hallucination
40%
The Lightning Rod
40%
Trueffet
40%
Tunnel of Despair
40%
Verdant Landscape
40%
Aerial Gleam
20%
AKIRA
20%
Aquatic Auroras
20%
Arctic Lights
20%
Aronia
20%
Calculator Core
20%
CHROMA FINALE
20%
CITRA
20%
Cognition
20%
Cold Sweat
20%
Cosmic Cyclone
20%
Crimson Planet
20%
Damascus
20%
Fragile
20%
FRIDAY
20%
Instinct
20%
IthacropoliX
20%
Jupiter My Favourite
20%
kowareta
20%
Launchpad Labyrinth
20%
Lucid Nightmares
20%
Midnight
20%
NETWORK
20%
NEUTRA
20%
no jokes
20%
Omega Interface
20%
Ouroboros
20%
Promethean
20%
Ragnarok
20%
Requiem
20%
RUST
20%
Sigma
20%
Spectrum Cyclone
20%
The Art of the Blade
20%
The Rupture
20%
The Yandere
20%
Thinking Space
20%
UNKNOWN
20%
Amalgam
0%
Asterios
0%
Atmos
0%
ATOMIC CANNON
0%
ATOMIC CANNON Mk II
0%
Awedsy
0%
Belladonna
0%
Calmity
0%
Cicatrize
0%
Climax
0%
ConClusion
0%
Coral Cave
0%
CORRODERE
0%
Crackhead Circles
0%
CRIDIUM
0%
Critical Heat
0%
Descent Into Exile
0%
DIRECTIONS
0%
Dump
0%
EGO KILLING
0%
Escape Room
0%
Esfera
0%
Excruciation Chamber
0%
Farthest Outpost
0%
Fever Dream
0%
Fog
0%
Fragmented
0%
Frost Spirit
0%
Frozen Cave
0%
FusionDynamix
0%
Gracefully
0%
Horros
0%
Kappa
0%
Knights of Thunder
0%
Neon Skyline
0%
nevermore
0%
Ourwa
0%
Pagoda
0%
qoUEO
0%
RAM
0%
REPENTLESS
0%
RUTHLESS
0%
SAND SAILOR
0%
Sazerix
0%
Shardscapes
0%
shimmer
0%
Shutdown
0%
Sides Of My Mind
0%
Sky Shredder
0%
Storming Summit
0%
SUPERHATEMEWORLD
0%
SZYSLAK
0%
Terminal Rampancy
0%
Terminux
0%
Th3Dev0n
0%
TORN
0%
Trotil
0%
Twilight
0%
untitled unmastered
0%
Visible Ray
0%
Widestep
0%
No matching quizzes found
Score Distribution
Percent of People with Each Score
Percentile by Number Answered
Your Score History
You have not taken this quiz